| 000 | 00545nam a22001817a 4500 | ||
|---|---|---|---|
| 005 | 20250110125336.0 | ||
| 008 | 250110b |||||||| |||| 00| 0 eng d | ||
| 020 | _a9788125916178 | ||
| 050 | _aHF5413 GOP | ||
| 100 | _aGopalaswamy T P | ||
| 245 |
_aRural Marketing: _bEnvironment, Problems and Strategies/ _cT P Gopalaswamy |
||
| 250 | _a2nd Ed. | ||
| 260 |
_aNew Delhi _bVikas Publishing House PVT LTD _c2005 |
||
| 300 |
_axv. 225p. _bill. _c21.5 cm x 14 cm |
||
| 500 | _aIncludes Index | ||
| 650 | _2Marketing | ||
| 942 |
_2lcc _cBK _e2nd Ed. _n0 |
||
| 999 |
_c2509 _d2509 |
||